[Event "WchT 2nd"]
[Site "Luzern"]
[Date "1989.??.??"]
[Round "2.3"]
[White "Abdel Megid, Mostafa"]
[Black "Van der Sterren, Paul"]
[Result "1/2-1/2"]
[WhiteElo "2370"]
[BlackElo "2515"]
[PlyCount "133"]
[EventDate "1989.10.27"]
[EventType "team-tourn"]
[EventRounds "9"]
[EventCountry "SUI"]
[SourceTitle "CBM 016"]
[Source "ChessBase"]
[SourceDate "1990.06.01"]
[SourceVersion "1"]
[SourceVersionDate "1990.06.01"]
[SourceQuality "1"]
[WhiteTeam "Africa"]
[BlackTeam "Netherlands"]
[BlackTeamCountry "NED"]

1. e4 e5 2. Nf3 Nc6 3. Nc3 g6 4. d4 exd4 5. Nxd4 Bg7 6. Be3 Nf6 7. Qd2 0-0 8. 0-0-0 Re8 9. Nxc6 bxc6 10. Bg5 Qe7 11. Bc4 Qe5 12. Rde1 d6 13. f4 Qa5 14. e5 dxe5 15. Rxe5 Rxe5 16. fxe5 Qxe5 17. Qd8+ Ne8 18. Rf1 Bb7 19. Bxf7+ Kh8 20. Qe7 Nd6 21. Bb3 Re8 22. Qxe5 Bxe5 23. Na4 c5 24. Nxc5 Bxg2 25. Rf2 Bc6 26. Nd3 Bd4 27. Bf6+ Bxf6 28. Rxf6 Kg7 29. Rf4 g5 30. Rf2 h5 31. Nc5 Re1+ 32. Kd2 Re5 33. Ne6+ Rxe6 34. Bxe6 Ne4+ 35. Ke3 Nxf2 36. Kxf2 Kf6 37. Bc8 Ke5 38. Ke3 Bd5 39. a3 a5 40. b4 axb4 41. axb4 g4 42. c3 Bf7 43. Bd7 Bd5 44. Be8 h4 45. Bd7 g3 46. hxg3 hxg3 47. Bh3 Be4 48. b5 g2 49. Kf2 Kd5 50. Bd7 Kc4 51. Be8 Kxc3 52. Bd7 Kd4 53. Be8 Kc5 54. Kg1 Kd6 55. Kf2 Ke7 56. Bh5 Kf6 57. Be8 Ke5 58. Bd7 Kf4 59. Be8 Kg4 60. Bd7+ Kh4 61. Bc6 Bxc6 62. bxc6 Kg4 63. Kxg2 Kf4 64. Kf2 Ke4 65. Ke2 Kd5 66. Kd3 Kxc6 67. Kc4 1/2-1/2

[Event "WchT 2nd"]
[Site "Luzern"]
[Date "1989.??.??"]
[Round "7.2"]
[White "De Firmian, Nick E"]
[Black "Abdel Megid, Mostafa"]
[Result "1-0"]
[WhiteElo "2595"]
[BlackElo "2370"]
[PlyCount "79"]
[EventDate "1989.10.27"]
[EventType "team-tourn"]
[EventRounds "9"]
[EventCountry "SUI"]
[SourceTitle "CBM 016"]
[Source "ChessBase"]
[SourceDate "1990.06.01"]
[SourceVersion "1"]
[SourceVersionDate "1990.06.01"]
[SourceQuality "1"]
[WhiteTeam "United States"]
[BlackTeam "Africa"]
[WhiteTeamCountry "USA"]

1. e4 e5 2. Nf3 Nc6 3. Bb5 a6 4. Ba4 Nf6 5. 0-0 Nxe4 6. d4 b5 7. Bb3 d5 8. dxe5 Be6 9. Nbd2 Nc5 10. c3 d4 11. Bxe6 Nxe6 12. cxd4 Ncxd4 13. a4 Rb8 14. axb5 axb5 15. Ne4 Qd5 16. Nxd4 Nxd4 17. Nc3 Qc4 18. Be3 Nf5 19. Qf3 Nh4 20. Qh3 Be7 21. Rfd1 0-0 22. Nd5 Bd8 23. e6 fxe6 24. Qxe6+ Kh8 25. Rac1 Qe2 26. Nf4 Qxb2 27. Bd4 Qb4 28. Bxg7+ Kxg7 29. Nh5+ Kh8 30. Qe5+ Bf6 31. Nxf6 Ng6 32. Rxc7 Qh4 33. Rdd7 Rxf6 34. Rxh7+ Qxh7 35. Qxf6+ Kg8 36. Qe6+ Kh8 37. Rxh7+ Kxh7 38. f4 b4 39. f5 Nf8 40. Qe7+ 1-0